Central Library OPAC University of Rajshahi

Handbook of information security management / (Record no. 16959)

MARC details
000 -LEADER
fixed length control field 00920cam a2200289 a 4500
001 - CONTROL NUMBER
control field 16959
003 - CONTROL NUMBER IDENTIFIER
rucl marc code BD-RjUL
005 - DATE AND TIME OF LATEST TRANSACTION
control field 20211209000054.0
008 - FIXED-LENGTH DATA ELEMENTS--GENERAL INFORMATION
fixed length control field 140215s1999 flua bf 001 0 eng d
020 ## - INTERNATIONAL STANDARD BOOK NUMBER
International Standard Book Number 8172730047
035 ## - SYSTEM CONTROL NUMBER
System control number (DLC) 98037122
-- (BD-RjUL)17015
040 ## - CATALOGING SOURCE
Original cataloging agency DLC
Transcribing agency DLC
Modifying agency BD-RjUL
Language of cataloging eng
041 ## - LANGUAGE CODE
Language code of text/sound track or separate title eng
082 00 - DEWEY DECIMAL CLASSIFICATION NUMBER
Classification number 658.0558
Edition number 21
Author mark and year TUH 1999
100 ## - MAIN ENTRY--PERSONAL NAME
Personal name Tukral, Sumit K
9 (RLIN) 52333
245 00 - TITLE STATEMENT
Title Handbook of information security management /
Statement of responsibility, etc. .
260 ## - PUBLICATION, DISTRIBUTION, ETC. (IMPRINT)
Place of publication, distribution, etc. Delhi :
Name of publisher, distributor, etc. Auerbach,
Date of publication, distribution, etc. c1999.
300 ## - PHYSICAL DESCRIPTION
Pagination vi, 225 p. :
Illustrations ill. ;
Size 24 cm.
504 ## - BIBLIOGRAPHY, ETC. NOTE
Bibliography, etc Includes bibliographical references and index.
650 #0 - SUBJECT ADDED ENTRY--TOPICAL TERM
Topical term or geographic name as entry element Computer security
General subdivision Management
-- Handbooks, manuals, etc.
9 (RLIN) 52334
Topical term or geographic name as entry element Data protection
General subdivision Handbooks, manuals, etc.
9 (RLIN) 52335
700 1# - ADDED ENTRY--PERSONAL NAME
Personal name Nozaki, Micki Krause.
Personal name Tipton, Harold F.
942 ## - ADDED ENTRY ELEMENTS (KOHA)
Source of classification or shelving scheme Dewey Decimal Classification
Koha item type Books
Holdings
Lost status Source of classification or shelving scheme Damaged status Not for loan Collection code Permanent Location Current Location Shelving location Date acquired Source of acquisition Cost, normal purchase price Total Checkouts Full call number Date last seen Copy number Koha item type
  Dewey Decimal Classification     Non-fiction Central Library, University of Rajshahi Central Library, University of Rajshahi   16/08/2007 Paragon Enterprises 425.00   658.0558 TUH 1999 15/02/2014 C-2 Books
  Dewey Decimal Classification   Not For Loan Non-fiction Central Library, University of Rajshahi Central Library, University of Rajshahi Reading Room 16/08/2007 Paragon Enterprises 425.00   658.0558 TUH 1999 17/01/2017 C-1 Books